000
00282nam a2200097Ia 4500
001
1117579
005
20250827004108.0
008
250824s9999 xx 000 0 und d
245
0
_a
YILDIRIM SESLİ MANASÇI ASKERİN OĞLU&BEYAZ YAĞMUR
_c
CENGİZ AYTMATOV
260
_b
KETEBE YAYINLARI
999
_c
1117579
_d
1117579